[Event "Izhevsk Udmurtia-ch"]
[Site "Izhevsk"]
[Date "2011.12.10"]
[Round "11"]
[White "Shumilov, Kirill"]
[Black "Korotkov, Mikhail"]
[Result "1-0"]
[WhiteElo "2180"]
[BlackElo "1946"]
[PlyCount "89"]
[EventDate "2011.12.02"]
[EventType "swiss"]
[EventRounds "11"]
[EventCountry "RUS"]
[SourceTitle "CBM 146 Extra"]
[Source "ChessBase"]
[SourceDate "2012.02.29"]
[SourceVersion "1"]
[SourceVersionDate "2012.02.29"]
[SourceQuality "1"]

1. c4 c5 2. g3 Nc6 3. Bg2 d6 4. Nf3 Nf6 5. d4 cxd4 6. Nxd4 Nxd4 7. Qxd4 g6 8. 0-0 Bg7 9. Nc3 0-0 10. Qd2 Rb8 11. b3 a6 12. Bb2 b5 13. Nd5 Ne8 14. Bxg7 Nxg7 15. cxb5 axb5 16. a4 e6 17. Nb4 Bb7 18. Nc6 Bxc6 19. Bxc6 bxa4 20. bxa4 Qb6 21. Be4 d5 22. a5 Qa7 23. Bd3 Ne8 24. Rfc1 Nd6 25. Rc6 Qd4 26. Qc3 Qxc3 27. Rxc3 Rfc8 28. Rxc8+ Rxc8 29. a6 Nc4 30. Bxc4 dxc4 31. a7 Ra8 32. Kf1 Kf8 33. Ke1 Ke7 34. Kd2 Kd6 35. Kc3 Kc5 36. Ra4 Kb5 37. Rb4+ Ka6 38. Rxc4 Rxa7 39. Ra4+ Kb7 40. Rxa7+ Kxa7 41. Kd4 Kb6 42. Ke5 Kc5 43. Kf6 Kd4 44. Kxf7 e5 45. Kg7 1-0

[Event "Izhevsk Udmurtia-ch"]
[Site "Izhevsk"]
[Date "2011.12.05"]
[Round "5"]
[White "Shumilov, Kirill"]
[Black "Filipenko, Alexander V"]
[Result "0-1"]
[WhiteElo "2180"]
[BlackElo "2353"]
[PlyCount "84"]
[EventDate "2011.12.02"]
[EventType "swiss"]
[EventRounds "11"]
[EventCountry "RUS"]
[SourceTitle "CBM 146 Extra"]
[Source "ChessBase"]
[SourceDate "2012.02.29"]
[SourceVersion "1"]
[SourceVersionDate "2012.02.29"]
[SourceQuality "1"]

1. c4 c6 2. b3 d5 3. Bb2 Bg4 4. Nf3 Nd7 5. d4 e6 6. Nbd2 Ngf6 7. e3 Ne4 8. a3 f5 9. Be2 Be7 10. Ng1 Bxe2 11. Nxe2 Bd6 12. Nf4 Bxf4 13. exf4 Qh4 14. Nxe4 fxe4 15. g3 Qh3 16. Qe2 Nf6 17. cxd5 exd5 18. 0-0-0 h5 19. Qf1 Qxf1 20. Rdxf1 h4 21. h3 hxg3 22. fxg3 Kf7 23. h4 g6 24. Bc3 Ke6 25. Be1 Ng4 26. Kd2 Kf5 27. Ke2 Rh5 28. Bf2 Nh6 29. Be3 Rh8 30. Rhg1 Kg4 31. Rc1 Nf5 32. Kf2 a5 33. a4 Rg8 34. Rc5 Rhh8 35. Rb1 Ra8 36. Rc3 Ra6 37. b4 axb4 38. Rxb4 Raa8 39. Rxb7 Rxa4 40. Rc7 Ra2+ 41. Ke1 Nxe3 42. Rxe3 Rh2 0-1

[Event "Izhevsk Udmurtia-ch"]
[Site "Izhevsk"]
[Date "2011.12.02"]
[Round "1"]
[White "Shumilov, Kirill"]
[Black "Shishkin, Alexander T"]
[Result "1-0"]
[WhiteElo "2180"]
[BlackElo "1962"]
[PlyCount "105"]
[EventDate "2011.12.02"]
[EventType "swiss"]
[EventRounds "11"]
[EventCountry "RUS"]
[SourceTitle "CBM 146 Extra"]
[Source "ChessBase"]
[SourceDate "2012.02.29"]
[SourceVersion "1"]
[SourceVersionDate "2012.02.29"]
[SourceQuality "1"]

1. c4 e5 2. Nc3 g6 3. d4 Bg7 4. dxe5 Bxe5 5. Nf3 Bg7 6. h4 h6 7. c5 Nf6 8. e3 0-0 9. Bd2 d5 10. cxd6 Qxd6 11. Qb3 a6 12. a4 Nc6 13. a5 Be6 14. Bc4 Rfe8 15. 0-0 Bxc4 16. Qxc4 Ne5 17. Nxe5 Rxe5 18. Rfd1 Rc5 19. Qb4 Qc6 20. Qa4 Qe6 21. Ne2 Rc4 22. Qb3 Rxh4 23. Qxb7 Re8 24. Bc3 Ne4 25. Nf4 Qe7 26. g3 Rg4 27. Be1 g5 28. Nd5 Qf8 29. Nxc7 Nc5 30. Qf3 Ree4 31. Qe2 Qe7 32. Nd5 Qe5 33. Kg2 Rd4 34. Nc3 Rb4 35. Rd8+ Kh7 36. Qc2+ f5 37. Rd5 Qe6 38. Rxc5 Rgc4 39. Qxf5+ Qxf5 40. Rxf5 Rxb2 41. Rc1 Rc7 42. Ne2 Re7 43. Kf1 Kg6 44. Rd5 Re6 45. Rdc5 Kh5 46. Rc6 Re7 47. Rxa6 Kg4 48. Rc4+ Kh3 49. Ng1+ Kh2 50. Rg6 Bf8 51. Rf6 Bg7 52. Rff4 gxf4 53. Rxf4 1-0

[Event "Gornozavodsk op"]
[Site "Gornozavodsk"]
[Date "2010.11.04"]
[Round "5"]
[White "Chukharev, Sergey"]
[Black "Shumilov, Kirill"]
[Result "1-0"]
[WhiteElo "2324"]
[BlackElo "2196"]
[PlyCount "27"]
[EventDate "2010.11.01"]
[EventType "swiss"]
[EventRounds "10"]
[EventCountry "RUS"]
[SourceTitle "EXT 2012"]
[Source "ChessBase"]
[SourceDate "2011.11.24"]
[SourceVersion "1"]
[SourceVersionDate "2011.11.24"]
[SourceQuality "1"]

1. c4 e5 2. Nc3 c5 3. g3 g6 4. Bg2 Bg7 5. e3 Nc6 6. Nge2 Nge7 7. 0-0 0-0 8. b3 d6 9. Bb2 Bf5 10. d3 Qc8 11. Rc1 Rd8 12. a3 Bg4 13. Qd2 Qf5 14. f3 1-0

[Event "Gornozavodsk op"]
[Site "Gornozavodsk"]
[Date "2010.11.03"]
[Round "4"]
[White "Shumilov, Kirill"]
[Black "Ivanov, Alexander V2222"]
[Result "1-0"]
[WhiteElo "2196"]
[BlackElo "2125"]
[PlyCount "103"]
[EventDate "2010.11.01"]
[EventType "swiss"]
[EventRounds "10"]
[EventCountry "RUS"]
[SourceTitle "EXT 2012"]
[Source "ChessBase"]
[SourceDate "2011.11.24"]
[SourceVersion "1"]
[SourceVersionDate "2011.11.24"]
[SourceQuality "1"]

1. c4 c5 2. Nc3 Nf6 3. e4 e6 4. f4 Nc6 5. Nf3 d5 6. e5 Ne4 7. Nxe4 dxe4 8. Ng5 Qd4 9. d3 exd3 10. Qxd3 Nb4 11. Qb3 a5 12. a3 a4 13. Qd1 Qxd1+ 14. Kxd1 Nc6 15. Bd3 h6 16. Ne4 Be7 17. Be3 b6 18. Ke2 Bd7 19. g4 0-0-0 20. Rab1 Na5 21. Nd2 Bc6 22. Rhc1 Kc7 23. b4 axb3 24. Nxb3 Nxb3 25. Rxb3 Ba4 26. Rbc3 Rd7 27. Be4 Rhd8 28. Rd3 Rxd3 29. Bxd3 Bc6 30. Rd1 f6 31. Bc2 Ra8 32. Bc1 Ba4 33. Bxa4 Rxa4 34. exf6 Bxf6 35. Kd3 e5 36. g5 hxg5 37. fxg5 Be7 38. h4 Bd6 39. Rf1 b5 40. cxb5 Rxh4 41. Rf7+ Kb6 42. Rxg7 Kxb5 43. g6 Rg4 44. a4+ Kxa4 45. Ra7+ Kb5 46. g7 Rg3+ 47. Ke4 Kb6 48. Rf7 Kc6 49. Bh6 Rg4+ 50. Kf5 Rf4+ 51. Ke6 Rg4 52. Rf8 1-0

[Event "Izhevsk op-A"]
[Site "Izhevsk"]
[Date "2010.07.19"]
[Round "5"]
[White "Shumilov, Kirill"]
[Black "Vasilov, Artur"]
[Result "1/2-1/2"]
[WhiteElo "2029"]
[BlackElo "2171"]
[PlyCount "152"]
[EventDate "2010.07.15"]
[EventType "swiss"]
[EventRounds "9"]
[EventCountry "RUS"]
[SourceTitle "CBM 137 Extra"]
[Source "ChessBase"]
[SourceDate "2010.09.01"]
[SourceVersion "1"]
[SourceVersionDate "2010.09.01"]
[SourceQuality "1"]

1. c4 c5 2. Nc3 Nc6 3. Nf3 g6 4. b3 Bg7 5. Bb2 d6 6. e3 e5 7. d3 Nge7 8. Qd2 a6 9. g3 0-0 10. h4 h5 11. Ng5 d5 12. cxd5 Nxd5 13. Bg2 Nde7 14. 0-0 b6 15. Rfd1 Bg4 16. Ne2 Qc7 17. f3 Bf5 18. e4 Bd7 19. f4 Bg4 20. Nf3 Rad8 21. Qc3 Qd7 22. Qc4 exf4 23. Bxg7 Kxg7 24. Nxf4 Bxf3 25. Bxf3 Ne5 26. Qc3 Qd4+ 27. Qxd4 Rxd4 28. Be2 Rfd8 29. Kf2 a5 30. Rab1 f5 31. Ne6+ Kf6 32. Nxd8 Rxd8 33. Ke3 N5c6 34. a3 Nd4 35. Rb2 Re8 36. Rf1 Kg7 37. Kf2 fxe4 38. dxe4 Nec6 39. Bd3 Ne5 40. Bb1 Ng4+ 41. Kg1 Ne3 42. Re1 Ng4 43. Kg2 Kf6 44. Bd3 Ke5 45. b4 cxb4 46. axb4 a4 47. Bc2 a3 48. Ra2 Rc8 49. Bd1 Rc1 50. Rxa3 Nc2 51. Bxc2 Rxe1 52. Ba4 Re2+ 53. Kg1 Kxe4 54. Bc6+ Kd4 55. Ra6 Re1+ 56. Kg2 Ne3+ 57. Kf2 Rf1+ 58. Ke2 Rf6 59. Rxb6 Nf5 60. b5 Nxg3+ 61. Kd2 Ne4+ 62. Kc2 Kc4 63. Rb8 Nc3 64. Be8 Na4 65. Rc8+ Kb4 66. Rc6 Rf8 67. Bxg6 Kxb5 68. Re6 Rf2+ 69. Kd1 Nc3+ 70. Ke1 Rh2 71. Re5+ Kc4 72. Rxh5 Kd4 73. Rh8 Nd5 74. h5 Nf6 75. h6 Ke5 76. h7 Nxh7 1/2-1/2